Follow That Line: Hitchcock Edition Quiz Stats

 Plays Quiz Updated Mar 13, 2020

Support Sporcle.
Go Orange.
Score 0/30 Timer 12:00
0 Plays Today
% Correct
'No, misdirecting them.'
83.8%
'They'll see and they'll know, and they'll say, 'Why, she wouldn't even harm a fly...''
81.3%
'Nothing.'
78.4%
'It's just another run-of-the-mill Wednesday. The calendar's full of 'em.'
78%
'Don't you realize that Americans dislike having their children stolen?'
77.6%
'A boy's best friend is his mother.'
76.1%
'I think you're evil. EVIL!'
74.6%
'No. What's that, a pub?'
74%
'We all go a little mad sometimes.'
73.1%
'There's only expedient exaggeration.'
72.7%
'The power to kill can be just as satisfying as the power to create.'
72.3%
'When an alibi is full of bourbon, sir, it can't stand up.'
72.1%
'Yeah, she'll wind up fat, alcoholic and miserable.'
68.7%
'We all do strange things in our childhood.'
68.5%
'Two together are always going somewhere.'
67.6%
% Correct
'That eliminates me.'
66.4%
'Confidentially, I think you're a bit of a stinker, too.'
65.7%
'You tried to take her place.'
65%
'You are. You're great at creating difficult situations.'
62.7%
'My only comment would be highly censorable.'
61.4%
'Now why would you want to go and do that for?'
61.1%
'No, they didn't give me a chaser.'
58.1%
'From what I hear she pursued it in all directions.'
57.9%
'That might make it justifiable homicide.'
56.8%
'Blood! Blood!'
55%
'Nobody except us.'
54.7%
'It was more fun.'
52.6%
'She isn't quite herself today.'
48.2%
'She looks a lot older up close.'
41.9%
'It might disturb Mother.'
35.4%

You're not logged in!

Compare scores with friends on all Sporcle quizzes.
OR
Log In

From the Vault

World Border Quest

by RobPro

A thorough knowledge of all things country will be quite beneficial.
Remove Ads.
Support Sporcle.
Get the best of Sporcle when you Go Orange. This ad-free experience offers more features, more stats, and more fun while also helping to support Sporcle. Thank you for becoming a member.

Show Comments

Extras

Top Quizzes Today


Score Distribution

Your Account Isn't Verified!

In order to create a playlist on Sporcle, you need to verify the email address you used during registration. Go to your Sporcle Settings to finish the process.

Report this User

Report this user for behavior that violates our Community Guidelines.

Details: